000 00352nam a2200145Ia 4500
008 240624s9999 xx 000 0 und d
041 _aeng
082 _a330.015195 BAL
100 _aBALTAGI BADI H
245 _aECONOMETRICS
250 _a(3rd ed.)
260 _c2005
_aNew Delhi
_bSpringer India
300 _axv, : 401 : p. : cm. ; 24
365 _cRS
999 _c6173
_d6173